00330nam a22001337a 4500008004100000020001500041082002300056245002900079260004400108300001000152440000700162942001200169999001500181230621b xxu||||| |||| 00| 0 eng d a0566007363 22a328.3bIPU 1986 aParliaments of the World aEnglandbGower Publishing Companyc1986 a1422p vII 2ddccBK c2119d2119